<?xml version="1.0" encoding="UTF-8"?>
<record
    xmlns:xsi="http://www.w3.org/2001/XMLSchema-instance"
    xsi:schemaLocation="http://www.loc.gov/MARC21/slim http://www.loc.gov/standards/marcxml/schema/MARC21slim.xsd"
    xmlns="http://www.loc.gov/MARC21/slim">

  <leader>01172nam a22002297a 4500</leader>
  <controlfield tag="003">BDDh-ASL</controlfield>
  <controlfield tag="005">20231015031655.0</controlfield>
  <controlfield tag="008">201110s2018    b  ||||| |||| 00| 0 b   d</controlfield>
  <datafield tag="040" ind1=" " ind2=" ">
    <subfield code="a">BDDh-ASL</subfield>
    <subfield code="c">BDDh-ASL</subfield>
    <subfield code="d">BDDh-ASL</subfield>
  </datafield>
  <datafield tag="041" ind1=" " ind2=" ">
    <subfield code="a">bengali  </subfield>
  </datafield>
  <datafield tag="082" ind1=" " ind2=" ">
    <subfield code="a">297.4</subfield>
    <subfield code="b">AHB</subfield>
  </datafield>
  <datafield tag="100" ind1="1" ind2=" ">
    <subfield code="a">&#x986;&#x9B9;&#x9AE;&#x9A6;, &#x993;&#x9AF;&#x9BC;&#x9BE;&#x995;&#x9BF;&#x9B2; </subfield>
    <subfield code="9">248</subfield>
  </datafield>
  <datafield tag="245" ind1="1" ind2="0">
    <subfield code="a">&#x9AC;&#x9BE;&#x982;&#x9B2;&#x9BE;&#x9B0; &#x9B8;&#x9C1;&#x9AB;&#x9BF; &#x9AA;&#x9BF;&#x9B0;-&#x9A6;&#x9B0;&#x9AC;&#x9C7;&#x9B6; :</subfield>
    <subfield code="b">&#x987;&#x9A4;&#x9BF;&#x9B9;&#x9BE;&#x9B8; &#x993; &#x98F;&#x9A4;&#x9BF;&#x9B9;&#x9CD;&#x9AF; /</subfield>
  </datafield>
  <datafield tag="246" ind1=" " ind2=" ">
    <subfield code="a">Banglar Sufi Pir-Dorbesh. </subfield>
  </datafield>
  <datafield tag="260" ind1=" " ind2=" ">
    <subfield code="a">&#x9A2;&#x9BE;&#x995;&#x9BE;: </subfield>
    <subfield code="b">&#x997;&#x9A4;&#x9BF;&#x9A7;&#x9BE;&#x9B0;&#x9BE;, </subfield>
    <subfield code="c">&#x9E8;&#x9E6;&#x9E7;&#x9EE;&#x964; </subfield>
  </datafield>
  <datafield tag="300" ind1=" " ind2=" ">
    <subfield code="a">&#x9E8;&#x9E8;&#x9EA; &#x9AA;&#x9C3;&#x9B7;&#x9CD;&#x9A0;&#x9BE;: </subfield>
    <subfield code="c">&#x9E8;&#x9E8; &#x9B8;&#x9C7;.&#x9AE;&#x9BF;.&#x964;</subfield>
  </datafield>
  <datafield tag="600" ind1="1" ind2="0">
    <subfield code="a">&#x9AD;&#x9BE;&#x9B8;&#x9BE;&#x9A8;&#x9C0;, &#x9AE;&#x9CB;&#x983; &#x986;&#x9AC;&#x9A6;&#x9C1;&#x9B2; &#x9B9;&#x9BE;&#x9AE;&#x9BF;&#x9A6; &#x996;&#x9BE;&#x9A8;</subfield>
    <subfield code="c">&#x9AE;&#x993;&#x9B2;&#x9BE;&#x9A8;&#x9BE;</subfield>
    <subfield code="9">1953</subfield>
  </datafield>
  <datafield tag="650" ind1=" " ind2="0">
    <subfield code="a">History and Heritage (&#x987;&#x9A4;&#x9BF;&#x9B9;&#x9BE;&#x9B8; &#x993; &#x990;&#x9A4;&#x9BF;&#x9B9;&#x9CD;&#x9AF;) , &#x987;&#x9A4;&#x9BF;&#x9B9;&#x9BE;&#x9B8;, History, Etihas, Itihas O Oitijjo, Etihash O Aitijjaya , Aitijjha</subfield>
    <subfield code="9">7488</subfield>
  </datafield>
  <datafield tag="650" ind1=" " ind2="0">
    <subfield code="a">&#x987;&#x9B8;&#x9B2;&#x9BE;&#x9AE; &#x9A7;&#x9B0;&#x9CD;&#x9AE; , Isal&#x101;ma dharma, Islam, Religion, Mohammedism, Mohammadan, Mohammedan, Muhammadan, Islamic Relition, Peace</subfield>
    <subfield code="9">747</subfield>
  </datafield>
  <datafield tag="650" ind1=" " ind2="0">
    <subfield code="a">&#x987;&#x9B8;&#x9B2;&#x9BE;&#x9AE; &#x9A7;&#x9B0;&#x9CD;&#x9AE; </subfield>
    <subfield code="x">&#x9B8;&#x9C2;&#x9AB;&#x9C0;&#x9AC;&#x9BE;&#x9A6; </subfield>
    <subfield code="9">849</subfield>
  </datafield>
  <datafield tag="942" ind1=" " ind2=" ">
    <subfield code="2">ddc</subfield>
    <subfield code="c">BK</subfield>
  </datafield>
  <datafield tag="952" ind1=" " ind2=" ">
    <subfield code="0">0</subfield>
    <subfield code="1">0</subfield>
    <subfield code="2">ddc</subfield>
    <subfield code="4">0</subfield>
    <subfield code="7">0</subfield>
    <subfield code="8">NFIC</subfield>
    <subfield code="a">ASL</subfield>
    <subfield code="b">ASL</subfield>
    <subfield code="c">GEN</subfield>
    <subfield code="d">2023-07-05</subfield>
    <subfield code="e">Purchased Book, 2023</subfield>
    <subfield code="l">0</subfield>
    <subfield code="o">297.4 AHB</subfield>
    <subfield code="p">124926</subfield>
    <subfield code="r">2023-07-05 00:00:00</subfield>
    <subfield code="t">C-1</subfield>
    <subfield code="w">2023-07-05</subfield>
    <subfield code="y">BK</subfield>
    <subfield code="z">Y-2018</subfield>
  </datafield>
  <datafield tag="999" ind1=" " ind2=" ">
    <subfield code="c">34333</subfield>
    <subfield code="d">34333</subfield>
  </datafield>
</record>
